000 00257nam a2200097Ia 4500
001 704893
005 20250826162419.0
008 250824s9999 xx 000 0 und d
245 0 _aSEÇME ŞİİRLER VE YAZILAR
_cARİF NİHAT ASYA
260 _bKÜLTÜR YAYINLARI
999 _c704893
_d704893